Devine la chanson #8 - Statistiques

Statistiques générales
  • Ce quiz a été pris 93 fois
  • Le résultat moyen est 109 sur 209
Statistiques - réponses
Paroles % Correct
à
100%
À
100%
a
100%
Le
99%
la
96%
Je
93%
je
93%
les
89%
Il
87%
Et
83%
Tu
83%
de
82%
te
74%
Pour
72%
qui
72%
Qui
72%
un
72%
Un
72%
ce
70%
ou
70%
vous
70%
des
67%
par
67%
Dans
65%
Au
63%
au
63%
du
62%
On
62%
on
62%
toi
61%
pas
60%
tout
56%
avec
55%
y
54%
quoi
50%
sous
49%
sur
49%
jour
46%
Aux
45%
cœur
41%
matin
39%
nuit
38%
soir
38%
Tous
38%
dire
37%
main
37%
soleil
37%
dansé
35%
j'ai
35%
même
35%
chanté
34%
n'a
34%
pluie
34%
midi
33%
minuit
33%
t'ai
33%
voulez
33%
Champs-Élysées
32%
Joe Dassin
32%
Les Champs-Élysées
32%
dit
30%
l'avenue
30%
l'inconnu
30%
c'que
29%
envie
29%
m'as
29%
ouvert
29%
parler
29%
pensé
29%
bonjour
28%
n'importe
28%
N'importe
28%
fous
27%
fut
27%
J'avais
27%
m'baladais
27%
suffisait
27%
guitare
26%
rendez-vous
26%
t'apprivoiser
26%
deux
24%
Deux
24%
l'on
23%
s'embrasser
23%
Alors
22%
sous-sol
21%
l'amour
20%
vivent
20%
amoureux
18%
Hier
17%
longue
17%
chantent
16%
étourdis
16%
inconnus
16%
accompagnée
15%
Concorde
15%
oiseaux
15%
point
13%
l'Étoile
12%
cordes
11%
mille
11%
orchestre
11%
Aucun quiz correspondant
Distribution des résultats
% des personnes avec chaque résultat
Percentile par nombre de réponses
Votre historique - résultats
Vous n’avez pas pris ce quiz